La historia traducida (Record no. 47811)

MARC details
000 -LEADER
campo de control de longitud fija 00889nam a22002535i 4500
001 - NÚMERO DE CONTROL
campo de control 47811
003 - IDENTIFICADOR DE NÚMERO DE CONTROL
campo de control ES-MaACL
005 - FECHA Y HORA DE LA ÚLTIMA TRANSACCIÓN
campo de control 20250115161455.0
007 - CAMPO FIJO DE DESCRIPCIÓN FÍSICA--INFORMACIÓN GENERAL
campo de control de longitud fija t|
008 - DATOS DE LONGITUD FIJA--INFORMACIÓN GENERAL
campo de control de longitud fija 030528s1992 sp ||||0| spa j
020 ## - NÚMERO INTERNACIONAL ESTÁNDAR DEL LIBRO
Número Internacional Estándar del Libro 84-7719-334-7
040 ## - FUENTE DE CATALOGACIÓN
Centro catalogador/agencia de origen M-BN
Lengua de catalogación spa
Centro/agencia transcriptor M-BN
080 ## - NÚMERO DE LA CLASIFICACIÓN DECIMAL UNIVERSAL
Número de la Clasificación Decimal Universal 930 Prescott, William Hickling
100 1# - ENTRADA PRINCIPAL--NOMBRE DE PERSONA
Nombre de persona Villoria, Secundino.
9 (RLIN) 115273
245 13 - MENCIÓN DEL TÍTULO
Título La historia traducida
Resto del título : versiones españolas de las obras de W.H. Prescott en el siglo XIX /
Mención de responsabilidad, etc. Secundino Villoria, Juan José Lanero.
260 ## - PUBLICACIÓN, DISTRIBUCIÓN, ETC.
Lugar de publicación, distribución, etc. León :
Nombre del editor, distribuidor, etc. Universidad de León,
Fecha de publicación, distribución, etc. 1992.
300 ## - DESCRIPCIÓN FÍSICA
Extensión 250 p :
Otras características físicas il ;
Dimensiones 24 cm.
504 ## - NOTA DE BIBLIOGRAFÍA, ETC.
Nota de bibliografía, etc. Bibliografía: p. 245-250.
600 04 - PUNTO DE ACCESO ADICIONAL DE MATERIA--NOMBRE DE PERSONA
Nombre de persona Prescott, William Hickling,
Fechas asociadas al nombre 1796-1859
Subdivisión general Traducciones al español
9 (RLIN) 93778
700 1# - ENTRADA AGREGADA--NOMBRE PERSONAL
Nombre de persona Lanero, Juan José.
9 (RLIN) 69993
710 2# - ENTRADA AGREGADA--NOMBRE DE ENTIDAD CORPORATIVA
Nombre de entidad corporativa o nombre de jurisdicción como elemento de entrada Universidad de León.
9 (RLIN) 7200
852 ## - LOCALIZACIÓN
Ubicación ES-MaACL
Número de control de estantería L-26398
Sublocalización o colección R.129708
Holdings
Estatus retirado Estado de pérdida Estado de daño No para préstamo Biblioteca de origen Biblioteca actual Ubicación en estantería Fecha de adquisición Fuente de adquisición Total de préstamos Signatura topográfica completa Código de barras Visto por última vez Precio de reemplazo Tipo de ítem Koha
        Biblioteca del Ateneo de Madrid Biblioteca del Ateneo de Madrid Depósito 2 17/01/2008     L-26398 1050315 23/02/2023 23/02/2023 Libro impreso